Angielski : kurs obrazkowy /
Wedi'i Gadw mewn:
| Prif Awdur: | |
|---|---|
| Awdur Corfforaethol: | |
| Fformat: | Llyfr |
| Iaith: | Saesneg Pwyleg |
| Cyhoeddwyd: |
Warszawa :
Edgard jezykiobce.pl,
© 2020.
|
| Rhifyn: | Wydanie I. |
| Pynciau: | |
| Tagiau: |
Dim Tagiau, Byddwch y cyntaf i dagio'r cofnod hwn!
|
MARC
| LEADER | 00000nam a2200000 i 4500 | ||
|---|---|---|---|
| 001 | 991052751094805066 | ||
| 005 | 20260515100513.0 | ||
| 008 | 201007s2020 pl a f |000 0 eng c | ||
| 009 | b1000000783347 | ||
| 015 | |a UWD 2020/32204 | ||
| 020 | |a 9788366053786 |q (oprawa miękka) : |c zł 39,90 | ||
| 035 | |a (OCoLC)1241593358 | ||
| 035 | |a xx004983684 | ||
| 035 | |a (PL)b1000000783347 | ||
| 035 | |a (EXLNZ-48OMNIS_NETWORK)9911571725005606 | ||
| 040 | |a WA N |c WA N |d WA N |d KR U | ||
| 041 | 0 | |a eng |a pol | |
| 046 | |k 2020 | ||
| 080 | |8 1.1\x |a 811.111 | ||
| 080 | |8 1.2\x |a (075.9.062) | ||
| 080 | |8 1.3\x |a (075.9.063) | ||
| 084 | |a 18 | ||
| 100 | 1 | |a Tondera, Rafał |e Autor | |
| 245 | 1 | 0 | |a Angielski : |b kurs obrazkowy / |c [autor: Rafał Tondera]. |
| 250 | |a Wydanie I. | ||
| 260 | |a Warszawa : |b Edgard jezykiobce.pl, |c © 2020. | ||
| 300 | |a 207, [1] strona : |b ilustracje ; |c 24 cm. | ||
| 336 | |a Tekst |b txt |2 rdacontent | ||
| 337 | |a Bez urządzenia pośredniczącego |b n |2 rdamedia | ||
| 338 | |a Wolumin |b nc |2 rdacarrier | ||
| 380 | |a Książki | ||
| 380 | |a Publikacje dydaktyczne | ||
| 385 | |m Poziom nauczania |a A2 (poziom biegłości językowej) | ||
| 385 | |m Poziom nauczania |a B1 (poziom biegłości językowej) | ||
| 388 | 1 | |a 2001- | |
| 500 | |a Na okładce: Poziom A2-B1. | ||
| 521 | 8 | |a Poziom A2-B1. | |
| 650 | 7 | |a Język angielski (przedmiot szkolny) |2 DBN | |
| 650 | 0 | |a English language |v Textbooks for foreign speakers |x Polish | |
| 655 | 7 | |a Podręcznik |2 DBN | |
| 658 | |a Edukacja i pedagogika | ||
| 658 | |a Językoznawstwo | ||
| 710 | 2 | |a Edgard, Mariusz Jachimczuk |e Wydawca |4 pbl | |
| 942 | |2 ddc |c BK |n 0 | ||
| 952 | |0 0 |1 0 |2 ddc |4 0 |6 W__7_000000000000000 |7 0 |9 19 |a WRO |b WRO |d 2026-04-10 |e da |g 10.00 |i WRO-007 |l 0 |o W.7 |p 2000100000076 |r 2026-04-10 23:40:59 |v 10.00 |w 2026-04-10 |y BK | ||
| 999 | |c 19 |d 19 | ||